[Event "Charlotte Carolinas op"]
[Site "Charlotte"]
[Date "2023.06.11"]
[Round "5"]
[White "Chirilov, James A"]
[Black "Nguyen, James Le"]
[Result "1-0"]
[WhiteElo "2127"]
[BlackElo "2112"]
[PlyCount "105"]
[EventDate "2023.06.09"]
[EventType "swiss"]
[EventRounds "5"]
[EventCountry "USA"]
[SourceTitle "CBM 214 Extra"]
[Source "ChessBase"]
[SourceDate "2023.07.31"]
[SourceVersion "1"]
[SourceVersionDate "2023.07.31"]
[SourceQuality "1"]

1. e4 c5 2. Nf3 Nc6 3. d4 cxd4 4. Nxd4 Nf6 5. Nc3 e5 6. Ndb5 d6 7. Bg5 a6 8. Na3 b5 9. Bxf6 gxf6 10. Nd5 Be6 11. c3 Bg7 12. Nc2 f5 13. a4 bxa4 14. exf5 Bxf5 15. Nce3 Bd7 16. Rxa4 0-0 17. Rxa6 Rxa6 18. Bxa6 f5 19. Be2 f4 20. Nc4 e4 21. Bg4 f3 22. Bxd7 Qxd7 23. Nde3 Rf6 24. Qd5+ Kh8 25. Qxe4 fxg2 26. Qxg2 Re6 27. Kd2 Ne5 28. Nxe5 dxe5+ 29. Kc1 Ra6 30. Rd1 Ra1+ 31. Kc2 Qa4+ 32. Kd2 Ra2 33. Ke1 h6 34. Rd8+ Kh7 35. Qd5 Ra1+ 36. Ke2 Qa6+ 37. c4 Qb6 38. Qe4+ Qg6 39. Qxg6+ Kxg6 40. b4 e4 41. Rd1 Ra4 42. Rb1 Ra2+ 43. Kf1 Bd4 44. c5 Bxe3 45. fxe3 Rxh2 46. Rd1 Rb2 47. Rd4 Kf5 48. c6 Rc2 49. b5 Rc5 50. Rb4 Kg4 51. b6 Kf3 52. Ke1 Rxc6 53. b7 1-0

[Event "Charlotte Carolinas op"]
[Site "Charlotte"]
[Date "2023.06.10"]
[Round "3"]
[White "Rajagopal, Adharsh"]
[Black "Nguyen, James Le"]
[Result "0-1"]
[WhiteElo "1830"]
[BlackElo "2112"]
[PlyCount "232"]
[EventDate "2023.06.09"]
[EventType "swiss"]
[EventRounds "5"]
[EventCountry "USA"]
[SourceTitle "CBM 214 Extra"]
[Source "ChessBase"]
[SourceDate "2023.07.31"]
[SourceVersion "1"]
[SourceVersionDate "2023.07.31"]
[SourceQuality "1"]

1. d4 d5 2. c4 c6 3. Nf3 Nf6 4. e3 e6 5. Nc3 a6 6. b3 Bb4 7. Bd2 Nbd7 8. Bd3 0-0 9. 0-0 Bd6 10. e4 dxc4 11. Bxc4 e5 12. Bg5 b5 13. Be2 Bb7 14. d5 cxd5 15. Nxd5 Rc8 16. a4 Bxd5 17. exd5 Qb6 18. axb5 axb5 19. Nh4 g6 20. Qd3 e4 21. Qxb5 Qd4 22. g3 Rb8 23. Qc4 Bc5 24. Be3 Qxd5 25. Rad1 Qxc4 26. Bxc4 Bxe3 27. fxe3 Kg7 28. Rd6 Rb7 29. h3 Ne8 30. Rd4 Nc5 31. Bd5 Rb6 32. b4 Na6 33. Bxe4 Nf6 34. Bd3 Nxb4 35. Rb1 Rfb8 36. Nf3 Nfd5 37. e4 Nc3 38. Re1 Nxd3 39. Rxd3 Rb3 40. Rde3 Nxe4 41. Rxb3 Rxb3 42. Rxe4 Rxf3 43. Kg2 Ra3 44. Re7 Kf6 45. Rb7 Re3 46. Rb6+ Re6 47. Rb7 Re7 48. Rb5 g5 49. Ra5 Re5 50. Ra7 Re4 51. Ra6+ Kg7 52. Ra5 Kg6 53. Rb5 Rc4 54. Rb2 f6 55. Rd2 Ra4 56. Rc2 h5 57. Rb2 Re4 58. Kf3 Rd4 59. Kg2 Kf5 60. Rf2+ Ke5 61. Re2+ Re4 62. Ra2 Rc4 63. Re2+ Kd5 64. Rf2 Rc6 65. Kf3 f5 66. Rd2+ Ke5 67. Re2+ Kf6 68. Kg2 Rb6 69. Kf3 Rb3+ 70. Kg2 f4 71. gxf4 gxf4 72. Ra2 Kf5 73. Ra5+ Ke4 74. Rxh5 Rb2+ 75. Kg1 Rb1+ 76. Kf2 Rb2+ 77. Kg1 Kf3 78. Ra5 Rb1+ 79. Kh2 Rb2+ 80. Kg1 Rb3 81. Kh2 Rd3 82. h4 Ke2 83. Ra2+ Ke3 84. h5 Rd5 85. Ra3+ Ke2 86. Ra2+ Kf3 87. Ra3+ Kg4 88. Kg2 Rd2+ 89. Kg1 Kxh5 90. Kf1 Kg4 91. Rb3 Rd1+ 92. Kf2 Rd2+ 93. Kf1 Ra2 94. Rc3 Kf5 95. Rb3 Ke4 96. Rb4+ Kf5 97. Rb5+ Kg4 98. Rb3 Rd2 99. Ra3 Rd4 100. Kf2 Rb4 101. Ra8 Rb2+ 102. Kg1 Kg3 103. Rg8+ Kf3 104. Ra8 Rb1+ 105. Kh2 Re1 106. Ra3+ Re3 107. Ra4 Rb3 108. Ra8 Re3 109. Ra4 Re1 110. Ra3+ Kf2 111. Ra2+ Re2 112. Ra1 f3 113. Ra3 Kf1+ 114. Kh1 f2 115. Ra1+ Re1 116. Ra2 Rb1 0-1

[Event "Charlotte CCCSA Spring IM-C"]
[Site "Charlotte"]
[Date "2023.03.19"]
[Round "8"]
[White "Adamson, Robby"]
[Black "Nguyen, James Le"]
[Result "1/2-1/2"]
[WhiteElo "2265"]
[BlackElo "2100"]
[PlyCount "46"]
[EventDate "2023.03.15"]
[EventType "tourn"]
[EventRounds "9"]
[EventCountry "USA"]
[SourceTitle "CBM 213 Extra"]
[Source "ChessBase"]
[SourceDate "2023.05.31"]
[SourceVersion "1"]
[SourceVersionDate "2023.05.31"]
[SourceQuality "1"]

1. e4 c5 2. Nf3 Nc6 3. d4 cxd4 4. Nxd4 Nf6 5. Nc3 e5 6. Nde2 Bc5 7. Ng3 d6 8. Be2 0-0 9. 0-0 a6 10. Bg5 h6 11. Bxf6 Qxf6 12. Nd5 Qg5 13. c3 Ne7 14. Nc7 Rb8 15. b4 Bb6 16. Nd5 Nxd5 17. Qxd5 Rd8 18. Bc4 Be6 19. Qd3 Rbc8 20. Bb3 h5 21. Ne2 h4 22. Kh1 h3 23. g3 d5 1/2-1/2

[Event "Charlotte CCCSA Spring IM-C"]
[Site "Charlotte"]
[Date "2023.03.17"]
[Round "5"]
[White "Amburgy, Ryan"]
[Black "Nguyen, James Le"]
[Result "1-0"]
[WhiteElo "2242"]
[BlackElo "2100"]
[PlyCount "93"]
[EventDate "2023.03.15"]
[EventType "tourn"]
[EventRounds "9"]
[EventCountry "USA"]
[SourceTitle "CBM 213 Extra"]
[Source "ChessBase"]
[SourceDate "2023.05.31"]
[SourceVersion "1"]
[SourceVersionDate "2023.05.31"]
[SourceQuality "1"]

1. Nf3 d5 2. e3 Nf6 3. c4 c6 4. Nc3 a6 5. d4 e6 6. b3 Bb4 7. Bd2 0-0 8. Bd3 Nbd7 9. 0-0 Bd6 10. e4 dxc4 11. Bxc4 e5 12. Bg5 b5 13. Be2 Re8 14. d5 c5 15. a4 b4 16. Nb1 h6 17. Bxf6 Nxf6 18. Nfd2 Rf8 19. Qc2 Ne8 20. Nc4 f5 21. Nbd2 Bc7 22. Rad1 Qe7 23. exf5 Bxf5 24. Bd3 Bd7 25. Ne4 Nd6 26. Ncxd6 Bxd6 27. Rc1 Rfc8 28. Qe2 a5 29. Qe3 Rc7 30. Rfe1 Re8 31. h4 Qf8 32. Qg3 Bc8 33. Qg6 Rd8 34. Ng3 Qf6 35. Qh7+ Kf8 36. Bg6 Rf7 37. Ne4 Qf4 38. g3 Qf3 39. Re3 Qg4 40. Nxd6 Rxd6 41. Qh8+ Ke7 42. Rxe5+ Kf6 43. Bxf7 Kxe5 44. Qe8+ Kf6 45. Bh5 Qf5 46. Re1 Rxd5 47. Qe7# 1-0

[Event "Noblesville Snow Memorial"]
[Site "Noblesville"]
[Date "2022.09.18"]
[Round "4"]
[White "Abraham, John Z"]
[Black "Nguyen, James Le"]
[Result "1/2-1/2"]
[WhiteElo "2039"]
[BlackElo "2163"]
[PlyCount "151"]
[EventDate "2022.09.16"]
[EventType "swiss"]
[EventRounds "5"]
[EventCountry "USA"]
[SourceTitle "EXT 2023"]
[Source "ChessBase"]
[SourceDate "2022.10.05"]
[SourceVersion "1"]
[SourceVersionDate "2022.10.05"]
[SourceQuality "1"]

1. d4 d5 2. c4 e6 3. Nc3 c6 4. cxd5 exd5 5. Qc2 g6 6. Nf3 Bf5 7. Qb3 Qb6 8. Bf4 Nd7 9. e3 Ngf6 10. Be2 Be7 11. 0-0 0-0 12. Rfc1 Rfe8 13. Nh4 Be6 14. Qc2 Ne4 15. Nf3 Bf5 16. Bd3 Nd6 17. Rab1 Bxd3 18. Qxd3 a5 19. h3 Qd8 20. Re1 a4 21. Qc2 Qa5 22. Red1 Nb6 23. Ne5 Ndc4 24. Nd3 Nc8 25. Ra1 N8d6 26. Nc5 b5 27. Rac1 Ra7 28. b3 axb3 29. axb3 Na3 30. Qb2 Rea8 31. Ra1 Nb7 32. b4 Nc4 33. Rxa5 Nxb2 34. Nxb7 Nxd1 35. Na2 Bxb4 36. Rxa7 Rxa7 37. Nxb4 Rxb7 38. Kf1 Nc3 39. Bd6 Ne4 40. Bf4 c5 41. dxc5 Nxc5 42. f3 Ne6 43. Be5 Rd7 44. Ke2 d4 45. e4 Nc5 46. Nd5 d3+ 47. Kd1 Kf8 48. Kd2 b4 49. Nxb4 Nb3+ 50. Kd1 Ke7 51. Nd5+ Ke6 52. Bc7 Rxd5 53. exd5+ Kxd5 54. Bf4 Kd4 55. Bg5 Na5 56. g3 Nc4 57. h4 Ne3+ 58. Ke1 Nd5 59. Kd2 f6 60. Bh6 Kc4 61. Bg7 f5 62. Be5 Nb4 63. Bc3 Nc6 64. Bf6 Na5 65. g4 Nb3+ 66. Kd1 Nd4 67. Bxd4 Kxd4 68. Kd2 fxg4 69. fxg4 h5 70. gxh5 gxh5 71. Kd1 Ke3 72. Ke1 Ke4 73. Kd2 Kd4 74. Kd1 Ke3 75. Ke1 Kf4 76. Kd2 1/2-1/2